000 01366nam a22003617a 4500
003 CHAP
005 20220329140437.0
008 971013s1979 r 00010 d
010 _a52031
011 _a53003
035 _a57153
040 _cCHAP
082 _a333
_bF4
100 0 0 _aFernández y Fernández, Ramón.
_940322
245 _aPolíticas agrarías comparadas
260 _aChapingo, Méx. :
_bColegio de Postgraduados. Centro de Economía Agrícola,
_c1979
300 _a116 p.
590 _aBATCH-UPD
_b10
_c20130110
_lUCH01
_h1900
590 _aBATCH-UPD
_b10
_c20130410
_lUCH01
_h1228
590 _aBATCH-UPD
_b10
_c20130914
_lUCH01
_h1948
590 _aCONVERSION
_b10
_c20130109
_lUCH01
_h1328
650 1 4 _aReforma agraria.
_995517
650 1 4 _aTierras
_xTenencia.
_9113130
901 _aBK
942 _cLIBRO
949 _a333 F4
_bBC
_cLIBRO
_d33724000316337
_eLIBRO
_fc.6
_h47819
_i57153
_si
949 _a333 F4
_bBC
_cLIBRO
_d33724000316345
_eLIBRO
_fc.7
_h47832
_i57153
_si
949 _a333 F4
_bBC
_cLIBRO
_d33724000316352
_eLIBRO
_fc.5
_h47819
_i57153
_si
949 _a333 F4
_bBC
_cLIBRO
_d33724000316360
_eLIBRO
_fc.4
_h47818
_i57153
_si
949 _a333 F4
_bBC
_cLIBRO
_d33724000316378
_eLIBRO
_fc.2
_h47815
_i57153
_si
949 _a333 F4
_bBC
_cLIBRO
_d33724000316386
_eLIBRO
_fc.3
_h47816
_i57153
_si
949 _a333 F4
_bBC
_cUACH
_d-124489
_eUACH
_h47511
_i57153
_si
999 _c52031
_d52031